000 00377nam a2200145Ia 4500
008 240729s9999 xx 000 0 und d
022 _a2772-7246
245 0 _aDrug and Alcohol Dependence Reports
260 _aNetherlands
260 _bElsevier
650 _aMedicine
856 _uhttps://doaj.org/toc/10eff40d11e240d9a09a8b5482184f2e
942 _2ddc
942 _cDOAJEJ
999 _c69528
_d69528
945 _a1
_bMadushi Gamage
_c1
_dMadushi Gamage